MARC details
| 000 -LEADER |
| fixed length control field |
02005cam a22005051i 4500 |
| 001 - CONTROL NUMBER |
| control field |
21579 |
| 003 - CONTROL NUMBER IDENTIFIER |
| control field |
VRT |
| 005 - DATE AND TIME OF LATEST TRANSACTION |
| control field |
20260306102810.0 |
| 008 - FIXED-LENGTH DATA ELEMENTS--GENERAL INFORMATION |
| fixed length control field |
240315s2009 xo a b 000 j slo |
| 020 ## - INTERNATIONAL STANDARD BOOK NUMBER |
| International Standard Book Number |
9788081150173 |
| Qualifying information |
(viaz.) |
| 035 ## - SYSTEM CONTROL NUMBER |
| System control number |
6B077A35-2CF7-4215-B498-FF17BC3037B8 |
| 035 ## - SYSTEM CONTROL NUMBER |
| System control number |
urn:nbn:sk:snk-amka0f |
| 035 ## - SYSTEM CONTROL NUMBER |
| System control number |
urn:nbn:sk:snk-am008apg |
| 039 #9 - LEVEL OF BIBLIOGRAPHIC CONTROL AND CODING DETAIL [OBSOLETE] |
| Level of rules in bibliographic description |
202510291425 |
| Level of effort used to assign nonsubject heading access points |
msnk115 |
| Level of effort used to assign subject headings |
202410030545 |
| Level of effort used to assign classification |
AUTHORITY |
| Level of effort used to assign subject headings |
202403251326 |
| Level of effort used to assign classification |
AUTHORITY |
| Level of effort used to assign subject headings |
202403251323 |
| Level of effort used to assign classification |
AUTHORITY |
| 040 ## - CATALOGING SOURCE |
| Original cataloging agency |
SVKBB |
| Language of cataloging |
slo |
| Transcribing agency |
SVKBB |
| Modifying agency |
SNK |
| Description conventions |
AACR2 |
| 041 0# - LANGUAGE CODE |
| Language code of text/sound track or separate title |
slo |
| 044 ## - COUNTRY OF PUBLISHING/PRODUCING ENTITY CODE |
| MARC country code |
xo |
| ISO country code |
SK |
| 072 #7 - SUBJECT CATEGORY CODE |
| Subject category code |
821.162.4-3 |
| Subject category code subdivision |
Slovenská próza |
| Source |
konspekt |
| 072 #7 - SUBJECT CATEGORY CODE |
| Subject category code |
821-93 |
| Subject category code subdivision |
Literatúra pre deti a mládež |
| Source |
konspekt |
| 080 ## - UNIVERSAL DECIMAL CLASSIFICATION NUMBER |
| Universal Decimal Classification number |
821.162.4-34 |
| Edition identifier |
2001 |
| 080 ## - UNIVERSAL DECIMAL CLASSIFICATION NUMBER |
| Universal Decimal Classification number |
821-93 |
| Edition identifier |
2001 |
| 100 1# - MAIN ENTRY--PERSONAL NAME |
| Personal name |
Sliacky, Ondrej, |
| Dates associated with a name |
1941- |
| Relationship |
aut |
| 245 10 - TITLE STATEMENT |
| Title |
Zakliata hora |
| Statement of responsibility, etc. |
najkrajšie rozprávky Pavla Dobšinského pre deti upravil Ondrej Sliacky ; ilustroval Juraj Martiška |
| Number of part/section of a work |
(2.zväzok) |
| 250 ## - EDITION STATEMENT |
| Edition statement |
[1. vyd.] |
| 260 ## - PUBLICATION, DISTRIBUTION, ETC. |
| Place of publication, distribution, etc. |
Martin |
| Name of publisher, distributor, etc. |
Vydavateľstvo Matice slovenskej |
| Date of publication, distribution, etc. |
2009 |
| 300 ## - PHYSICAL DESCRIPTION |
| Extent |
199 s. |
| Other physical details |
fareb. ilustr. |
| Dimensions |
24 cm |
| 500 ## - GENERAL NOTE |
| General note |
Rok ilustrácie 2009 |
| 650 #7 - SUBJECT ADDED ENTRY--TOPICAL TERM |
| Topical term or geographic name entry element |
akvarel |
| Source of heading or term |
BINPH |
| 650 #7 - SUBJECT ADDED ENTRY--TOPICAL TERM |
| Topical term or geographic name entry element |
tuš |
| Source of heading or term |
BINPH |
| 650 #7 - SUBJECT ADDED ENTRY--TOPICAL TERM |
| Topical term or geographic name entry element |
maľba temperou |
| Source of heading or term |
BINPH |
| 655 #7 - INDEX TERM--GENRE/FORM |
| Genre/form data or focus term |
slovenské rozprávky |
| Source of term |
SNKPH |
| 655 #7 - INDEX TERM--GENRE/FORM |
| Genre/form data or focus term |
Slovak fairy tales |
| Source of term |
SNKPH |
| 700 1# - ADDED ENTRY--PERSONAL NAME |
| Personal name |
Martiška, Juraj, |
| Dates associated with a name |
1969- |
| Relationship |
ill |
| 700 1# - ADDED ENTRY--PERSONAL NAME |
| Personal name |
Dobšinský, Pavol, |
| Dates associated with a name |
1828-1885 |
| Relationship |
aut |
| 711 2# - ADDED ENTRY--MEETING NAME |
| Meeting name or jurisdiction name as entry element |
Bienále ilustrácií Bratislava |
| Number of part/section/meeting |
(23. : |
| Date of meeting or treaty signing |
2011 : |
| Location of meeting |
Bratislava, Slovensko). |
| Relationship |
aut |
| 942 ## - ADDED ENTRY ELEMENTS (KOHA) |
| Source of classification or shelving scheme |
Dewey Decimal Classification |
| Koha item type |
Krásna literatúra pre deti |
| Suppress in OPAC |
No |
| 949 ## - LOCAL PROCESSING INFORMATION (OCLC) |
| 6 |
273K0514921 |
| a |
svkpoB 83543 |
| b |
svkpo524598 |
| 949 ## - LOCAL PROCESSING INFORMATION (OCLC) |
| 6 |
3870A21420 |
| a |
binIL 0930 |
| b |
bin21420 |
| 949 ## - LOCAL PROCESSING INFORMATION (OCLC) |
| 6 |
2889169498 |
| a |
savukPV 14516 |
| b |
savuk2011/1719 |
| 949 ## - LOCAL PROCESSING INFORMATION (OCLC) |
| 6 |
3870A22592 |
| a |
binBIB 11/362 |
| b |
bin22592 |
| 949 ## - LOCAL PROCESSING INFORMATION (OCLC) |
| 6 |
270001000354388 |
| a |
svkbbB 50019 |
| b |
svkbbm 706490 |
| 949 ## - LOCAL PROCESSING INFORMATION (OCLC) |
| 6 |
17A0649374 |
| a |
snkSC 139239/2 |
| b |
snk2010/4907 |
| o |
718/10 |
| 949 ## - LOCAL PROCESSING INFORMATION (OCLC) |
| 6 |
17A0649375 |
| a |
snkSC 139239/2 D1 |
| b |
snk2010/4908 |
| o |
718/10 |
| p |
Digitalizovaný |
| s |
6100:20140925 |